Guess The NFL Player by career path - Statistics

General Stats
  • This quiz has been taken 268 times
  • The average score is 7 of 9
Answer Stats
Position
College
NFL Team NFL Team NFL Team NFL Team NFL Team Answer % Correct
QB Oklahoma Browns Panthers Rams Buccaneers NONE Baker Mayfield
96%
RB Alabama Lions NONE NONE NONE NONE Jahmyr Gibbs
96%
QB Michigan St Commanders Vikings Falcons NONE NONE Kirk Cousins
92%
QB USC Jets Panthers 49ers Vikings Seahawks Sam Darnold
91%
DE Ohio St Commanders 49ers NONE NONE NONE Chase Young
76%
WR Alabama Falcons Titans Bucaneers Eagles NONE Julio Jones
75%
WR Central Michigan Steelers Patriots Bucaneers NONE NONE Antonio Brown
74%
RB Penn St Eagles Panthers Cowboys NONE NONE Miles Sanders
61%
TE Miami Saints Seahawks Bears Saints NONE Jimmy Graham
58%
No matching quizzes found
Score Distribution
Percent of People with Each Score
Percentile by Number Answered
Your Score History
You have not taken this quiz